Diseno, fabricacion y montaje de gasoductos : (I) diseno y seleccion de materiales (Registro nro. 156952)

Detalles MARC
001 - NÚMERO DE CONTROL
campo de control 600539
005 - FECHA Y HORA DE LA ÚLTIMA TRANSACCIÓN
campo de control 20240724090037.0
008 - DATOS DE LONGITUD FIJA--INFORMACIÓN GENERAL
campo de control de longitud fija 000612e20000301 spa
035 ## - NÚMERO DE CONTROL DEL SISTEMA
Número de control de sistema 600539
035 ## - NÚMERO DE CONTROL DEL SISTEMA
Número de control de sistema (OCoLC)819834956
040 ## - FUENTE DE LA CATALOGACIÓN
Centro/agencia transcriptor comduadb
041 ## - CÓDIGO DE LENGUA
Código de lengua del texto/banda sonora o título independiente spa
100 10 - ENTRADA PRINCIPAL--NOMBRE DE PERSONA
Nombre de persona Lopez Abelleira, E.
Código de función aut
Término indicativo de función/relación Autor/a
9 (RLIN) 308801
245 10 - MENCIÓN DE TÍTULO
Título Diseno, fabricacion y montaje de gasoductos : (I) diseno y seleccion de materiales
650 ## - PUNTO DE ACCESO ADICIONAL DE MATERIA--TÉRMINO DE MATERIA
Término de materia o nombre geográfico como elemento de entrada Gasoductos
9 (RLIN) 15454
650 #7 - PUNTO DE ACCESO ADICIONAL DE MATERIA--TÉRMINO DE MATERIA
Término de materia o nombre geográfico como elemento de entrada Diseño de máquinas
Fuente del encabezamiento o término lemb
9 (RLIN) 28207
650 #7 - PUNTO DE ACCESO ADICIONAL DE MATERIA--TÉRMINO DE MATERIA
Término de materia o nombre geográfico como elemento de entrada Gas natural
Fuente del encabezamiento o término embne
9 (RLIN) 42010
650 ## - PUNTO DE ACCESO ADICIONAL DE MATERIA--TÉRMINO DE MATERIA
Término de materia o nombre geográfico como elemento de entrada España
9 (RLIN) 28211
773 0# - ENLACE AL DOCUMENTO FUENTE/ENTRADA DE REGISTRO ANFITRIÓN
Título Ingeniería Química (Madrid)
Parte(s) relacionada(s) Vol. 32, No. 366, Mar. 2000, p. 95-103
Número de control del registro 102048
Número Internacional Normalizado para Publicaciones Seriadas 0210-2064
Número bibliográfico anfitrión 89813
942 ## - ELEMENTOS DE ENTRADA AGREGADA (KOHA)
Tipo de ítem Koha Artículo de Revista

No hay ítems disponibles.